The next Pompeii / a Nova production by Lion ... Read More
Available copies
- 1 of 1 copy available at LARL/NWRL Consortium.
- 1 of 1 copy available at Lake Agassiz Regional Library. (Show preferred library)
Current holds
0 current holds with 1 total copy.
Show Only Available Copies
| Location | Call Number / Copy Notes | Barcode | Shelving Location | Status | Due Date |
|---|---|---|---|---|---|
| Detroit Lakes Public Library | DVD 551.21 NEX (Text) | 33500013065719 | Main | Available | - |
Record details
- ISBN: 9781531709495
- ISBN: 1531709494
- Physical Description: 1 videodisc (54 min.) : sound, color ; 4 3/4 in.
- Edition: Widescreen.
- Publisher: [Arlington, Virginia] : PBS, [2019]
- Distributor: [Arlington, Virginia] : Distributed by PBS Distribution, [2019]
- Copyright: ©2019
Content descriptions
| General Note: | Documentary. Originally produced as an episode of the television series: Nova. Program content: ©2018. Wide screen (16x9). |
| Participant or Performer Note: | Narrator, Ronan Summers. |
| Summary, etc.: | In the shadow of Vesuvius, a lesser-known volcano ... Read More |
| System Details Note: | DVD; NTSC, Region 1; widescreen presentation; ... Read More |
| Language Note: | English audio; English subtitles for the deaf and ... Read More |
Search for related items by subject
| Genre: | Documentary television programs. Video recordings for the hearing impaired. Video recordings for people with visual disabilites. |
| LDR | 03122cgm a2200721Ii 4500 | ||
|---|---|---|---|
| 001 | 314876 | ||
| 003 | LARL_NWRL_CONSORTIUM | ||
| 005 | 20190515133349.0 | ||
| 008 | 190401p20192019vau054 e vleng d | ||
| 007 | vd cvaizs | ||
| 040 | . | ‡aTEFMT ‡beng ‡erda ‡cTEFMT ‡dTEF ‡dGO6 ‡dCPL ‡dHUO ‡dOCLCO | |
| 020 | . | ‡a9781531709495 | |
| 020 | . | ‡a1531709494 | |
| 024 | 1 | . | ‡a841887041249 |
| 028 | 4 | 2. | ‡aNV61823 ‡bPBS |
| 035 | . | ‡a(OCoLC)1091058287 | |
| 037 | . | ‡bMidwest Tape ‡nhttp://www.midwesttapes.com | |
| 041 | 1 | . | ‡aeng ‡jeng ‡heng |
| 043 | . | ‡ae-it--- | |
| 082 | 0 | 4. | ‡a551.21 ‡223 |
| 245 | 0 | 4. | ‡aThe next Pompeii / ‡ca Nova production by Lion Television (an All3Media Company) for WGBH Boston in association with ARTE France ; produced and directed by Duncan Bulling. |
| 246 | 3 | . | ‡aNOVA. ‡pThe next Pompeii |
| 250 | . | ‡aWidescreen. | |
| 264 | 1. | ‡a[Arlington, Virginia] : ‡bPBS, ‡c[2019] | |
| 264 | 2. | ‡a[Arlington, Virginia] : ‡bDistributed by PBS Distribution, ‡c[2019] | |
| 264 | 4. | ‡c©2019 | |
| 300 | . | ‡a1 videodisc (54 min.) : ‡bsound, color ; ‡c4 3/4 in. | |
| 336 | . | ‡atwo-dimensional moving image ‡btdi ‡2rdacontent | |
| 337 | . | ‡avideo ‡bv ‡2rdamedia | |
| 338 | . | ‡avideodisc ‡bvd ‡2rdacarrier | |
| 344 | . | ‡adigital ‡2rdatr | |
| 344 | . | ‡boptical ‡2rdarm | |
| 346 | . | ‡bNTSC ‡2rdabs | |
| 347 | . | ‡avideo file ‡2rdaft | |
| 347 | . | ‡bDVD video | |
| 380 | . | ‡aDocumentary television programs ‡2lcgft | |
| 538 | . | ‡aDVD; NTSC, Region 1; widescreen presentation; stereo. | |
| 500 | . | ‡aDocumentary. | |
| 546 | . | ‡aEnglish audio; English subtitles for the deaf and hard-of-hearing (SDH). | |
| 511 | 0 | . | ‡aNarrator, Ronan Summers. |
| 500 | . | ‡aOriginally produced as an episode of the television series: Nova. | |
| 500 | . | ‡aProgram content: ©2018. | |
| 500 | . | ‡aWide screen (16x9). | |
| 520 | . | ‡aIn the shadow of Vesuvius, a lesser-known volcano rumbles: Campi Flegrei. An eruption could endanger the millions of residents of the city of Naples. Scientists gain new insights into what happened in nearby Pompeii, and dig into the unique geology of Campi Flegrei. Can an innovative eruption warning system prevent Naples becoming the next Pompeii? | |
| 650 | 0. | ‡aVolcanoes ‡zItaly ‡zNaples. | |
| 650 | 0. | ‡aVolcanic eruptions ‡zItaly ‡zNaples. | |
| 650 | 0. | ‡aVolcanic activity prediction ‡zItaly ‡zNaples. | |
| 650 | 0. | ‡aVolcanic hazard analysis ‡zItaly ‡zNaples. | |
| 651 | 0. | ‡aPhlegraean Plain (Italy) | |
| 651 | 0. | ‡aPompeii (Extinct city) ‡xHistory. | |
| 655 | 7. | ‡aDocumentary television programs. ‡2lcgft ‡0(LARL_NWRL_CONSORTIUM)175632 | |
| 655 | 7. | ‡aVideo recordings for the hearing impaired. ‡2lcgft ‡0(LARL_NWRL_CONSORTIUM)175744 | |
| 655 | 7. | ‡aVideo recordings for people with visual disabilites. ‡2lcgft | |
| 700 | 1 | . | ‡aBulling, Duncan, ‡etelevision director, ‡etelevision producer. |
| 700 | 1 | . | ‡aSummers, Ronan, ‡enarrator. |
| 710 | 2 | . | ‡aLion Television Ltd., ‡eproduction company. ‡0(LARL_NWRL_CONSORTIUM)207185 |
| 710 | 2 | . | ‡aWGBH (Television station : Boston, Mass.), ‡eproduction company. ‡0(LARL_NWRL_CONSORTIUM)65144 |
| 710 | 2 | . | ‡aPublic Broadcasting Service (U.S.), ‡epublisher. ‡0(LARL_NWRL_CONSORTIUM)90034 |
| 730 | 0 | . | ‡aNova (Television program) ‡0(LARL_NWRL_CONSORTIUM)5821 |
| 901 | . | ‡a314876 ‡bOCoLC ‡c314876 ‡tbiblio ‡soclc | |

Add to basket
Permalink
Disable Highlighting